| 000 | 00506nam a2200157 u 4500 | ||
|---|---|---|---|
| 001 | 000003056 | ||
| 005 | 20260520104305.0 | ||
| 008 | 090706s1952 dr r 000 0 spa d | ||
| 040 |
_aDO-SdBNP _bspa _cBNPHU |
||
| 082 |
_a327.1 _bM516g |
||
| 100 | 1 |
_aMejía, Arturo E. _99656 |
|
| 245 | 1 | 3 |
_aLa guerra fría en el internacionalismo : _bposición de nuestra América / _cArturo E. Mejía. |
| 260 |
_aSanto Domingo : _bDominicana, _c1952. |
||
| 300 |
_a46 p. ; _c21 cm. |
||
| 650 | 0 |
_aRelaciones internacionales _9399 |
|
| 999 |
_c2887 _d2887 |
||